00638nam a2200181 i 450000100060000000300090000600500170001500700030003200800410003511100550007624500940013126000750022530000310030065000320033170000190036371000520038285200220043451113ES-MaACL20230906162312.0t|030811s1973 sp ||||1| spa d2 aCertamen Internacional de Cuentos (n11º. d1972)10aCuentos premiados : bXI Certamen Internacional 1972 / c[ilustraciones de José David]. aSalamanca : bCaja de Ahorros y Monte de Piedad de Salamanca, c[1973] a78 p., 4 lám. ; c18 cm. 4aCuentos españoles-yS.XX.1 aDavid, José.2 aCaja de Ahorros y Monte de Piedad de Salamanca. aES-MaACLjC-54478